Timepiece /

Bibliographic Details
Main Author: Flanders, Jane, 1940-
Format: Book
Language:English
Published: Pittsburgh, PA : University of Pittsburgh Press, [1988]
Series:Pitt poetry series.

MARC

Tag First Indicator Second Indicator Subfields
LEADER 00000cam a2200000 a 4500
001 in00000027099
005 20151007055903.0
008 870827s1988 pau 00010 eng
010 |a  87025191  
020 |a 0822935732 
020 |a 0822953994 (pbk.) 
035 |a (OCoLC)16757171 
035 |9 AAB9547AM 
040 |a DLC  |c DLC  |d TXA  |d UtOrBLW 
049 |a TXAM  |c [A11688460] 
050 0 0 |a PS3556.L347  |b T5 1988 
082 0 |a 811/.54  |2 19 
100 1 |a Flanders, Jane,  |d 1940- 
245 1 0 |a Timepiece /  |c Jane Flanders. 
264 1 |a Pittsburgh, PA :  |b University of Pittsburgh Press,  |c [1988] 
264 4 |c ©1988 
300 |a 58 pages ;  |c 22 cm. 
336 |a text  |b txt  |2 rdacontent 
337 |a unmediated  |b n  |2 rdamedia 
338 |a volume  |b nc  |2 rdacarrier 
490 1 |a Pitt poetry series 
830 0 |a Pitt poetry series. 
999 |a MARS 
999 f f |s 2859eeed-c76d-3ec9-9f91-de0f8e46a4ef  |i ff1e5726-71d1-305f-9543-8dfe3ee2a002  |t 0 
952 f f |p ric  |a Texas A&M University  |b Rellis Campus  |c Joint Library Facility  |d Remote Storage  |t 0  |e PS3556.L347 T5 1988  |h Library of Congress classification  |i unmediated -- volume  |m A14811688460 
998 f f |a PS3556.L347 T5 1988  |t 0  |l Remote Storage